13 Voices - Sum 41 - Statistics

General Stats
  • This quiz has been taken 6 times
  • The average score is 8 of 10
Answer Stats
Hint Answer % Correct
6 13 Voices
100%
1 A Murder Of Crows
100%
3 Fake My Own Death
100%
2 Goddamn I'm Dead Again
100%
7 War
100%
4 Breaking The Chain
75%
9 The Fall and the Rise
75%
10 Twisted by Design
75%
8 God Save Us All (Death to POP)
50%
5 There Will Be Blood
50%
No matching quizzes found
Score Distribution
Percent of People with Each Score
Percentile by Number Answered
Your Score History
You have not taken this quiz